000 00421pam a2200145 a 4500
020 _c
041 _aeng
082 _a050
_bFAR
100 _aFarris G ,
_eAuthor .
245 _aIEEE Engineering Management Review Vol - 35 , 2007
_hBound Volumes
260 _a[s.l]:
_bThe Institute of Electricals & Electronics Engineering ,
_c2007.
300 _a28*20:
_bHB.
653 _aGeneral serial publications
930 _a16651
999 _c59872
_d59872